Socrates to Sartre and beyond : (Record no. 288730)
[ view plain ]
| 000 -LEADER | |
|---|---|
| fixed length control field | 00673nam a22002177a 4500 |
| 003 - CONTROL NUMBER IDENTIFIER | |
| control field | OSt |
| 005 - DATE AND TIME OF LATEST TRANSACTION | |
| control field | 20150924075303.0 |
| 008 - FIXED-LENGTH DATA ELEMENTS--GENERAL INFORMATION | |
| fixed length control field | 130204t xxu||||| |||| 00| 0 eng d |
| 020 ## - INTERNATIONAL STANDARD BOOK NUMBER | |
| International Standard Book Number | 9780071276030 |
| 050 ## - LIBRARY OF CONGRESS CALL NUMBER | |
| Classification number | B 72 . |
| Item number | .St934 2008 |
| 082 ## - DEWEY DECIMAL CLASSIFICATION NUMBER | |
| Classification number | M 190 |
| Item number | St929 2008 |
| 100 ## - MAIN ENTRY--PERSONAL NAME | |
| Personal name | Stumpf, Samuel Enoch. |
| 245 ## - TITLE STATEMENT | |
| Title | Socrates to Sartre and beyond : |
| Remainder of title | a history of philosophy / |
| Statement of responsibility, etc | Samuel Enoch Stumpf, James Fieser. |
| 260 ## - PUBLICATION, DISTRIBUTION, ETC. (IMPRINT) | |
| Place of publication, distribution, etc | Boston, Mass. : |
| Name of publisher, distributor, etc | McGraw-Hill, |
| Date of publication, distribution, etc | 2008. |
| 300 ## - PHYSICAL DESCRIPTION | |
| Extent | xiv, 498: |
| Other physical details | illustrations ; |
| Dimensions | 24 cm. |
| 500 ## - GENERAL NOTE | |
| General note | Includes bibliographical references and index. |
| 526 ## - STUDY PROGRAM INFORMATION NOTE | |
| Reading level | 1210L-1700L |
| 562 ## - COPY AND VERSION IDENTIFICATION NOTE | |
| Number of copies | 1 |
| 942 ## - ADDED ENTRY ELEMENTS (KOHA) | |
| Source of classification or shelving scheme | Library of Congress Classification |
| Koha item type | Books |
| Call number prefix | Foreign |
No items available.